<?xml version="1.0" encoding="UTF-8"?>
<record
    xmlns:xsi="http://www.w3.org/2001/XMLSchema-instance"
    xsi:schemaLocation="http://www.loc.gov/MARC21/slim http://www.loc.gov/standards/marcxml/schema/MARC21slim.xsd"
    xmlns="http://www.loc.gov/MARC21/slim">

  <leader>00807aam a2200181 a 4500</leader>
  <datafield tag="040" ind1=" " ind2=" ">
    <subfield code="c">dco</subfield>
  </datafield>
  <datafield tag="082" ind1="0" ind2="0">
    <subfield code="a">514 AME 1990 A058 Or.</subfield>
  </datafield>
  <datafield tag="245" ind1="0" ind2="0">
    <subfield code="a">Algorithmique, topologie et g&#xFFFD;&#xFFFD;om&#xFFFD;&#xFFFD;trie alg&#xFFFD;&#xFFFD;briques :</subfield>
    <subfield code="b">Sevilla 31 ao&#xFFFD;&#xFFFD;t-4 septembre 1987 [et] Toulouse 2-4 d&#xFFFD;&#xFFFD;cembre 1988 /</subfield>
  </datafield>
  <datafield tag="260" ind1=" " ind2=" ">
    <subfield code="a">Paris :</subfield>
    <subfield code="b">Soci&#xFFFD;&#xFFFD;t&#xFFFD;&#xFFFD; math&#xFFFD;&#xFFFD;matique de France ;</subfield>
    <subfield code="a">Providence, R.I. :</subfield>
    <subfield code="b">American Mathematical Society, distribution,</subfield>
    <subfield code="c">1990</subfield>
  </datafield>
  <datafield tag="300" ind1=" " ind2=" ">
    <subfield code="a">89 p. :</subfield>
    <subfield code="b">ill. ;</subfield>
    <subfield code="c">29 cm</subfield>
  </datafield>
  <datafield tag="500" ind1=" " ind2=" ">
    <subfield code="a">Articles mostly in English; two articles in French</subfield>
  </datafield>
  <datafield tag="500" ind1=" " ind2=" ">
    <subfield code="a">"R&#xFFFD;&#xFFFD;daction d'un certain nombre d'expos&#xFFFD;&#xFFFD;s des colloques de Seville ... et de Toulouse"--P. 1</subfield>
  </datafield>
  <datafield tag="650" ind1=" " ind2="0">
    <subfield code="a">Geometry, Algebraic</subfield>
  </datafield>
  <datafield tag="650" ind1=" " ind2="0">
    <subfield code="a">Algebraic topology</subfield>
  </datafield>
  <datafield tag="700" ind1="1" ind2=" ">
    <subfield code="a">Hayat-Legrand, Claude</subfield>
  </datafield>
  <datafield tag="700" ind1="1" ind2=" ">
    <subfield code="a">Sergeraert, Francis</subfield>
  </datafield>
  <datafield tag="942" ind1=" " ind2=" ">
    <subfield code="c">EK</subfield>
  </datafield>
  <datafield tag="999" ind1=" " ind2=" ">
    <subfield code="c">13909</subfield>
    <subfield code="d">13909</subfield>
  </datafield>
</record>
